[Event "68th GRE-ch 2018"]
[Site "Thessaloniki"]
[Date "2018.12.17"]
[Round "6"]
[White "Kanakaris, Georgios"]
[Black "Ioannidis, Evgenios"]
[Result "1/2-1/2"]
[WhiteElo "2401"]
[BlackElo "2382"]
[Annotator "NA"]
[PlyCount "75"]
[EventDate "2018.12.12"]
[EventType "tourn"]
[EventCountry "GRE"]
[SourceTitle "playchess.com"]
[Source "ChessBase"]
[SourceQuality "1"]
[TimeControl "40/5400+30:1800+30"]

1. Nf3 {[%emt 0:00:00]} e6 {[%emt 0:00:03]} 2. c4 {[%emt 0:01:09]} d5 {[%emt 0:01:22]} 3. e3 {[%emt 0:00:09]} c5 {[%emt 0:00:51]} 4. d4 {[%emt 0:01:05]} a6 {[%emt 0:00:53]} 5. cxd5 {[%emt 0:00:40]} exd5 {[%emt 0:01:31]} 6. Nc3 {[%emt 0:02:00]} Nf6 {[%emt 0:01:00]} 7. Be2 {[%emt 0:02:36]} Be7 {[%emt 0:08:09]} 8. dxc5 {[%emt 0:00:39]} Bxc5 {[%emt 0:00:10]} 9. O-O {[%emt 0:00:19]} O-O {[%emt 0:00:17]} 10. b3 {[%emt 0:04:19]} Nc6 {[%emt 0:07:00]} 11. Bb2 {[%emt 0:00:10]} Be6 {[%emt 0:01:32]} 12. Na4 {[%emt 0:08:17]} Bd6 {[%emt 0:03:20] LiveBook: 4 Games} 13. Nd4 {[%emt 0:12:43]} Ne4 {[%emt 0:21:52]} 14. Rc1 $11 {[%emt 0:12:55]} Ne5 {[%emt 0:19:30]} 15. f4 {[%emt 0:01:36]} Nd7 {[%emt 0:08:18]} 16. Bf3 {[%emt 0:11:57]} Ndf6 {[%emt 0:01:14]} 17. Nc3 {[%emt 0:00:35]} Nxc3 {[%emt 0:02:57]} 18. Rxc3 {[%emt 0:02:24]} Bd7 {[%emt 0:02:33]} 19. Rd3 {[%emt 0:06:04]} Re8 {[%emt 0:01:46]} 20. Qd2 {[%emt 0:07:22]} Rc8 {[%emt 0:03:12]} 21. Rd1 {[%emt 0:01:10]} Qe7 {[%emt 0:01:16]} 22. Qf2 {[%emt 0:02:51]} Bc5 {[%emt 0:03:42]} 23. Qg3 {[%emt 0:02:22]} Ba7 {[%emt 0:02:06]} 24. h3 {[%emt 0:01:37]} Qf8 {[%emt 0:00:30]} 25. a4 {[%emt 0:05:23]} Ne4 {[%emt 0:00:30]} 26. Bxe4 {[%emt 0:00:04]} dxe4 {[%emt 0:00:31]} 27. R3d2 {[%emt 0:00:19]} f6 {[%emt 0:00:41]} 28. Nb5 {[%emt 0:05:05]} Bxb5 {[%emt 0:01:05]} 29. axb5 {[%emt 0:00:04]} Rcd8 {[%emt 0:03:55]} 30. bxa6 {[%emt 0:00:52]} bxa6 {[%emt 0:00:15]} 31. Rd7 {[%emt 0:00:33]} Bc5 {[%emt 0:00:56]} 32. Kh2 {[%emt 0:03:21]} Rxd7 {[%emt 0:00:36]} 33. Rxd7 {[%emt 0:00:06]} Rd8 {[%emt 0:01:16]} 34. Qg4 {[%emt 0:01:39]} Rxd7 {[%emt 0:00:23]} 35. Qxd7 {[%emt 0:00:11]} Bxe3 {[%emt 0:00:34]} 36. Qe6+ {[%emt 0:00:35]} Kh8 {[%emt 0:00:15]} 37. Qxe4 {[%emt 0:00:08]} Bc5 {[%emt 0:00:22]} 38. Qc4 {[%emt 0:01:09]} 1/2-1/2

[Event "68th GRE-ch 2018"]
[Site "Thessaloniki"]
[Date "2018.12.17"]
[Round "6"]
[White "Skaperdas, Kostantinos"]
[Black "Kourkoulos-Arditis, Stamatis"]
[Result "0-1"]
[WhiteElo "2231"]
[BlackElo "2424"]
[Annotator "TA"]
[PlyCount "98"]
[EventDate "2018.12.12"]
[EventType "tourn"]
[EventCountry "GRE"]
[SourceTitle "playchess.com"]
[Source "ChessBase"]
[SourceQuality "1"]

{[%evp 11,98,41,52,8,7,18,23,24,49,39,61,20,37,-6,0,-10,0,-8,-8,-22,-18,-69,-69,-58,-59,-63,-55,-83,-56,-99,-34,-60,-45,-60,-43,-45,-54,-57,-47,-60,-40,-84,-54,-80,-90,-154,-157,-151,-144,-145,-147,-147,-145,-178,-180,-159,-179,-156,-147,-168,-140,-145,-74,-195,-200,-250,-257,-254,-253,-248,-238,-455,-454,-444,-446,-440,-424,-585,-460,-459,-360,-351,-355,-674,-674,-640,-633,-620,-606]} 1. Nf3 g6 2. e4 Bg7 3. d4 d6 4. Bc4 a6 5. O-O e6 (5... b5 6. Bb3 e6 7. Re1 Ne7 8. c3 Bb7 9. Nbd2 Nd7 10. Nf1 O-O 11. h4 h6 12. Ng3 c5 13. Bf4 cxd4 14. cxd4 Nb6 15. Rc1 Qd7 16. Qd2 Kh7 17. Qa5 Qd8 18. Qa3 d5 19. Bc7 {1-0 (19) Dubov,D (2703)-Sviridov,V (2551) Sochi 2018}) 6. Bg5 {B06: Modern Defence} Ne7 {LiveBook: 5 Games} 7. Qd2 h6 8. Be3 {The position is equal.} Nd7 9. Bd3 c5 10. c4 $146 ({Predecessor:} 10. c3 b6 11. a4 Bb7 12. Na3 cxd4 13. cxd4 Nf6 {0-1 (30) Wichmann,C (2360)-Pancevski,F (2484) Dresden 2013}) 10... Nc6 {[%cal Rc5d4]} 11. d5 exd5 12. exd5 Nce5 13. Nxe5 Nxe5 14. Be2 Qh4 15. g3 (15. Bf4 {is interesting.} O-O 16. Nc3 f5 17. Rfd1 Nf7 18. Be3) 15... Qf6 $36 {[%mdl 2048] And now ...Nf3+ would win. Black fights for an advantage.} 16. f3 (16. Kg2 $11) 16... Bh3 $15 17. Rf2 g5 18. Nc3 Qg6 $1 19. f4 gxf4 20. Bxf4 O-O (20... h5 $17) 21. Bxe5 Bxe5 22. Bd3 Qg5 23. Qxg5+ hxg5 24. Bf5 Bxf5 25. Rxf5 f6 26. Ne4 Rae8 27. Kg2 Bxb2 {[%mdl 64] Discovered Attack} 28. Rb1 (28. Re1 $142) 28... Rxe4 $17 29. Rxb2 {[%mdl 4096] Endgame KRR-KRR} Rf7 $1 30. Rb6 Rxc4 31. Rxd6 Kg7 $1 32. Rf2 Rd4 33. Rc2 c4 34. a4 Rc7 35. a5 c3 {...Rd2+ is the strong threat.} 36. Kf3 Kf7 ({Better is} 36... Rc5 {Threatens to win with ...Kg6.} 37. Ke3 Rdxd5 38. Rxd5 Rxd5 39. Rxc3 Rxa5 40. Rc7+ Kg6 41. Rxb7 Ra2) 37. Rd8 {[#]} (37. Ke3 $17 {was worth a try.} Ra4 38. Rf2) 37... Ke7 $1 $19 {[%cal Re7d8]} 38. Rh8 Kd6 ({Don't play} 38... Rxd5 39. Rh7+ Kd8 40. Rxc7 $17) 39. Rd8+ {[#]} Ke5 $1 40. Re2+ Kf5 41. d6 $2 (41. Rf2) 41... Rd3+ 42. Kf2 Rc5 {Strongly threatening ...c2.} 43. Rc2 Rxa5 44. Rb8 Rb5 45. Ke2 Rxd6 46. Rxc3 Re5+ 47. Kf1 $2 (47. Re3 b5 48. h3) 47... Rd1+ {Black is clearly winning.} 48. Kf2 Rd2+ 49. Kf1 Rb5 {Accuracy: White = 34%, Black = 83%.} 0-1

[Event "68th GRE-ch 2018"]
[Site "Thessaloniki"]
[Date "2018.12.18"]
[Round "7"]
[White "Kourkoulos-Arditis, Stamatis"]
[Black "Mastrovasilis, Athanasios"]
[Result "0-1"]
[WhiteElo "2424"]
[BlackElo "2510"]
[Annotator "TA"]
[PlyCount "82"]
[EventDate "2018.12.12"]
[EventType "tourn"]
[EventCountry "GRE"]
[SourceTitle "playchess.com"]
[Source "ChessBase"]
[SourceQuality "1"]

{[%evp 20,82,40,24,35,25,33,31,21,9,43,34,48,34,47,31,42,17,26,24,38,37,37,35,30,33,56,27,29,13,12,-40,-25,-56,-20,-71,-54,-124,-85,-169,-51,-150,-116,-131,-124,-138,-138,-116,-112,-270,-262,-262,-255,-251,-235,-306,-297,-272,-242,-410,-394,-407,-409,-763,-756]} 1. Nf3 d5 2. g3 c6 3. Bg2 Bf5 4. d3 e6 5. O-O Nf6 6. Nh4 Bg4 {A07: Réti Opening: New York and Capablanca Systems} 7. h3 Bh5 8. Qe1 Be7 9. f4 Nfd7 10. Nf3 Bxf3 11. Bxf3 {LiveBook: 7 Games} e5 (11... O-O 12. e4 dxe4 13. dxe4 e5 14. Nd2 {0-1 (41) Nisipeanu,L (2672)-Wojtaszek,R (2737) Antalya 2017}) 12. e4 dxe4 13. dxe4 $146 ({Predecessor:} 13. Qxe4 exf4 14. Bxf4 {0-1 (60) Karasev,V (2436)-Doroshkievich,V (2388) St Petersburg 2002}) 13... Na6 14. Nd2 Nb6 15. Nb3 Qc7 16. Qe2 Nc5 17. Be3 Nbd7 18. Qf2 {[%cal Rb3c5]} Nxb3 19. axb3 b6 20. c3 Bc5 21. Bxc5 Nxc5 22. b4 Nd7 23. f5 O-O 24. Be2 a5 25. b5 (25. bxa5 $11 Rxa5 26. Rxa5 bxa5 27. Bc4) 25... Nf6 $15 26. Ra4 Rad8 27. Rc4 (27. Qe3 $11) 27... c5 $17 28. g4 (28. Qe3 $15) 28... h6 29. h4 (29. Qe3 $17 {is a better defense.}) 29... Qe7 (29... Rd2 $19 30. b4 axb4 31. cxb4 Qd8) 30. Bf3 (30. b4 $15) 30... Qd7 31. Ra4 Qd2 32. Qxd2 Rxd2 33. Rf2 Rfd8 34. b4 $2 {[#]} (34. Ra1 $17 {keeps fighting.}) 34... cxb4 $19 35. cxb4 R2d4 36. Re2 Rc8 ({Don't do} 36... axb4 37. Rb2 $17) 37. Kf2 Rcc4 ({Not} 37... Rxb4 38. Rxb4 axb4 39. Re3 $19) (37... axb4 38. Rb2 $17) 38. Ra1 Rxb4 {[%cal Rf6e4]} 39. Rae1 $2 {[#]} (39. Rc1 {was necessary.}) 39... Nd7 40. g5 Nc5 41. f6 (41. Rg1 $142 hxg5 42. hxg5) 41... Nd3+ {Accuracy: White = 27%, Black = 69%.} 0-1

[Event "68th GRE-ch 2018"]
[Site "Thessaloniki"]
[Date "2018.12.18"]
[Round "7"]
[White "Ioannidis, Evgenios"]
[Black "Nikolaidis, Ioannis"]
[Result "1/2-1/2"]
[WhiteElo "2382"]
[BlackElo "2564"]
[Annotator "TA"]
[PlyCount "67"]
[EventDate "2018.12.12"]
[EventType "tourn"]
[EventCountry "GRE"]
[SourceTitle "playchess.com"]
[Source "ChessBase"]
[SourceQuality "1"]

{[%evp 17,67,35,26,35,30,18,93,85,67,62,88,87,94,101,100,50,62,46,68,23,25,31,23,-7,51,58,54,0,0,0,0,0,28,29,48,20,80,17,54,22,23,12,20,0,0,0,19,0,20,0,20,0]} 1. d4 Nf6 2. c4 e6 3. Nc3 Bb4 4. Qc2 O-O 5. e4 {[%cal Be2e4,Be4e5][%mdl 32]} d6 6. e5 Nfd7 {E32: Nimzo-Indian: Classical (4 Qc2): 4...0-0} 7. Nf3 c5 8. exd6 cxd4 9. Nxd4 Bxd6 {LiveBook: 3 Games} 10. Be3 Nc6 11. O-O-O $146 {[#] Black must now prevent Nxc6.} ({Predecessor:} 11. Nxc6 bxc6 12. O-O-O Qc7 13. Ne4 Be5 14. Ng5 {½-½ (46) Pacher,M (2403)-Babula,V (2572) Slovakia 2011}) 11... Be5 (11... Bc5 $11) 12. Nxc6 $16 bxc6 13. f4 Bxc3 14. Qxc3 Qc7 15. Bd3 c5 16. Qc2 Nf6 17. Rhg1 e5 18. Rgf1 Bg4 19. Rde1 Rfe8 20. h3 e4 ({Better is} 20... exf4 $11 21. Bd2 Rxe1+ 22. Bxe1 Bh5) 21. Be2 $1 $36 {[%mdl 2048] White has good play.} Bxe2 22. Rxe2 (22. Qxe2 $14 Qc6 23. Rd1) 22... Nh5 $11 23. Rd2 Ng3 24. Rfd1 Nf5 (24... Qa5 $5 {[%cal Ra5a2]}) 25. Qc3 Nd4 26. g3 Qc8 (26... Rad8 $11) 27. g4 (27. Bxd4 $16 cxd4 28. Rxd4) 27... Qa6 28. Kb1 Qh6 29. f5 Qh4 {The position is equal.} 30. Bf2 Qh6 {[#] And now ...e3 would win.} 31. Be3 Qh4 32. Bf2 Qh6 {Hoping for ...e3.} 33. Be3 Qh4 34. Bf2 {Accuracy: White = 38%, Black = 59%.} 1/2-1/2

[Event "68th GRE-ch 2018"]
[Site "Thessaloniki"]
[Date "2018.12.18"]
[Round "7"]
[White "Koutoukidis, Panagiotis"]
[Black "Skaperdas, Kostantinos"]
[Result "1/2-1/2"]
[WhiteElo "2357"]
[BlackElo "2231"]
[Annotator "NA"]
[PlyCount "63"]
[EventDate "2018.12.12"]
[EventType "tourn"]
[EventCountry "GRE"]
[SourceTitle "playchess.com"]
[Source "ChessBase"]
[SourceQuality "1"]
[TimeControl "40/5400+30:1800+30"]

1. e4 {[%emt 0:00:00]} e6 {[%emt 0:00:00]} 2. d4 {[%emt 0:00:00]} d5 {[%emt 0:00:00]} 3. Nc3 {[%emt 0:00:00]} Bb4 {[%emt 0:00:02]} 4. Nge2 {[%emt 0:00:00]} Nf6 {[%emt 0:00:09]} 5. e5 {[%emt 0:00:07]} Nfd7 {[%emt 0:00:01]} 6. f4 {[%emt 0:00:36]} O-O {[%emt 0:00:18]} 7. Be3 {[%emt 0:01:36]} c5 {[%emt 0:07:43]} 8. dxc5 {[%emt 0:11:33]} Nc6 {[%emt 0:04:32]} 9. a3 {[%emt 0:15:06]} Bxc5 {[%emt 0:00:29]} 10. Qd2 {[%emt 0:04:30]} Qb6 {[%emt 0:23:08]} 11. Bxc5 {[%emt 0:00:13]} Qxc5 {[%emt 0:04:33]} 12. O-O-O {[%emt 0:02:57]} Nb6 {[%emt 0:09:40]} 13. Nd4 {[%emt 0:00:42]} Nc4 {[%emt 0:07:31]} (13... Nxd4 $11 {keeps the balance.} 14. Qxd4 Qxd4 15. Rxd4 Bd7) 14. Bxc4 {[%emt 0:00:45]} Qxc4 {[%emt 0:00:06]} 15. b3 {[%emt 0:10:12]} Qc5 {[%emt 0:07:10]} 16. Kb2 {[%emt 0:00:13]} Bd7 $11 {[%emt 0:01:29]} 17. Nxc6 {[%emt 0:04:20]} Bxc6 {[%emt 0:03:08]} 18. Qd4 {[%emt 0:01:00]} b6 {[%emt 0:01:08]} 19. Rhe1 {[%emt 0:01:50]} Rac8 {[%emt 0:00:19]} 20. g4 {[%emt 0:00:50]} Rc7 {[%emt 0:00:49]} 21. g5 {[%emt 0:02:41]} Rfc8 {[%emt 0:02:47]} 22. Re3 {[%emt 0:00:10]} a5 {[%emt 0:09:16]} 23. Rd2 {[%emt 0:04:39]} Be8 {[%emt 0:02:24]} 24. Rh3 {[%emt 0:03:51]} Qxd4 {[%emt 0:02:25]} 25. Rxd4 {[%emt 0:00:13]} f6 {[%emt 0:00:01]} 26. exf6 {[%emt 0:06:35]} Bg6 {[%emt 0:00:36]} 27. fxg7 {[%emt 0:01:04]} Kxg7 {[%emt 0:01:18]} 28. Re3 {[%emt 0:01:37]} Bf5 {[%emt 0:01:45]} 29. a4 {[%emt 0:06:29]} Kg6 {[%emt 0:01:16]} 30. Rg3 {[%emt 0:02:57]} Kh5 {[%emt 0:03:34]} 31. Rd2 {[%emt 0:00:15]} Kg6 {[%emt 0:01:30]} 32. Re3 {[%emt 0:01:04]} 1/2-1/2

[Event "68th GRE-ch 2018"]
[Site "Thessaloniki"]
[Date "2018.12.18"]
[Round "7"]
[White "Gouloutis, Nikolaos"]
[Black "Grivas, Efstratios"]
[Result "1-0"]
[WhiteElo "2353"]
[BlackElo "2424"]
[Annotator "TA"]
[PlyCount "103"]
[EventDate "2018.12.12"]
[EventType "tourn"]
[EventCountry "GRE"]
[SourceTitle "playchess.com"]
[Source "ChessBase"]
[SourceQuality "1"]

{[%evp 9,103,18,10,0,0,0,0,-1,3,0,32,38,43,35,36,34,28,34,29,33,45,50,62,35,43,42,45,45,60,62,51,42,42,43,81,33,60,47,60,33,53,54,28,0,0,0,129,130,137,119,172,172,193,205,184,180,283,121,216,235,396,245,228,170,962,954,911,0,0,-1959,72,91,80,98,91,112,107,94,100,100,99,104,117,85,81,39,39,39,39,39,434,428,422,328,29984,29985]} 1. d4 d5 2. c4 e6 3. Nc3 a6 4. c5 (4. cxd5 exd5 5. Bf4 Nf6 6. e3 Bd6 7. Bg5 Be6 8. Bd3 Nbd7 9. f4 h6 10. Bh4 g5 11. fxg5 hxg5 12. Bxg5 Rxh2 13. Rxh2 Bxh2 {1-0 (69) Yu,Y (2762)-Fedoseev,V (2707) Danzhou 2018}) 4... Nc6 5. Nf3 Nge7 6. Bf4 {D31: Queen's Gambit Declined: Semi-Slav without ...Nf6 (+ Marshall Gambit and Noteboom) and Exchange Variation lines without ...Nf6} Ng6 7. e3 $146 ({Predecessor:} 7. Be3 b6 8. cxb6 cxb6 9. h4 Bd6 10. h5 Nge7 11. h6 g6 {1-0 (50) Alekhine,A-Rubinstein,A The Hague 1921}) 7... Nxf4 8. exf4 {The position is equal.} b6 9. b4 Be7 10. Rb1 O-O 11. Bd3 Bf6 12. Ne2 bxc5 13. bxc5 a5 14. Bb5 Nb8 15. O-O Ba6 16. Qa4 Bxb5 17. Rxb5 Qd7 18. Rfb1 Qc6 19. Nc3 {Rxb8 is the strong threat.} Qa6 20. g3 Nc6 21. Kg2 Rfc8 22. a3 h6 23. h4 h5 24. f5 Ne7 $1 25. fxe6 Qxe6 26. Rxa5 Rxa5 27. Qxa5 Qf5 (27... Ng6 $1 $11 28. Kg1 Nf4) 28. Qa6 Rd8 29. Qa7 Qc8 (29... Nc6 $16 30. Qa4 (30. Qxc7 Rc8 $14) 30... Ne7) 30. Nb5 $18 Rd7 {With the idea ...c6.} 31. Qa4 Rd8 32. Qa5 Qf5 (32... Rd7 $142 33. Re1 g6) 33. Re1 (33. Rb3 $18 {is the precise move to win.}) 33... Rb8 (33... Rc8 $16 {was called for.} 34. Qa6 Qd7) 34. a4 $1 ({Weaker is} 34. Nxc7 Rb3 $14) (34. Qxc7 Rxb5 35. Rxe7 Bxe7 $14) 34... c6 $2 (34... Rc8 {keeps fighting.} 35. Qa6 Qd7) 35. Nd6 Qc2 36. Rf1 g6 $2 (36... Rb3) 37. Qc7 Rb3 38. Ne8 $2 ({White should try} 38. Qd8+ $18 Kh7 39. Qf8 Rxf3 40. Qxf7+ Bg7 41. Qxf3) 38... Rxf3 $1 $11 39. Qd8 $2 {[%mdl 8192] [#]} (39. Nxf6+ $11 Rxf6 40. Qxe7) 39... Kh7 $2 (39... Rxg3+ $1 $19 {[%mdl 512]} 40. Kh2 (40. Kxg3 Nf5+) 40... Bxh4 41. Nf6+ {[%mdl 64] Discovered Attack (Double check)} Kg7 42. Ne8+ Kh7 43. Qxe7 Bxe7 44. Kxg3 Qxa4) 40. Nxf6+ $16 Rxf6 41. Qxe7 {[%mdl 4096] Endgame KQR-KQR} Kg7 {[#]} 42. a5 $1 {[%cal Ra5a6]} Re6 43. Qb7 {Hoping for a6.} Qe4+ 44. Kg1 g5 {[#]} 45. Qb1 $1 {[%cal Rb1e4]} ({But not} 45. hxg5 $6 h4 $11) 45... Qg4 46. Qd1 {And now Qxg4 would win.} Re2 47. Re1 Ra2 48. Qc1 $36 {[%mdl 2048] Black must now prevent Re5. White is more active.} gxh4 49. Re5 $1 {[%cal Re5g5] Strongly threatening Rg5+.} f6 $2 {[%mdl 8192]} (49... Qf3 $1 $14 50. Qg5+ {[%mdl 64] Double Attack} Kh7 51. Qxh5+ Qxh5 52. Rxh5+ Kg6 53. Rxh4 Rxa5) 50. Re7+ $18 Kf8 51. Ra7 {Threatening mate with Qh6+.} Kg8 $2 (51... Qg6 $18 52. Qf4 Ra1+ 53. Kg2 Qe4+ 54. Qxe4 dxe4 55. gxh4 Ra4) 52. Qb1 {Accuracy: White = 54%, Black = 45%.} 1-0

[Event "68th GRE-ch 2018"]
[Site "Thessaloniki"]
[Date "2018.12.18"]
[Round "7"]
[White "Makka, Evanthia"]
[Black "Kanakaris, Georgios"]
[Result "1/2-1/2"]
[WhiteElo "2084"]
[BlackElo "2401"]
[Annotator "NA"]
[PlyCount "96"]
[EventDate "2018.12.12"]
[EventType "tourn"]
[EventCountry "GRE"]
[SourceTitle "playchess.com"]
[Source "ChessBase"]
[SourceQuality "1"]
[TimeControl "40/5400+30:1800+30"]

1. d4 {[%emt 0:00:00]} Nf6 {[%emt 0:00:00]} 2. Nf3 {[%emt 0:00:00]} g6 {[%emt 0:00:00]} 3. g3 {[%emt 0:00:54]} Bg7 {[%emt 0:00:00]} 4. Bg2 {[%emt 0:00:11]} O-O {[%emt 0:00:06]} 5. O-O {[%emt 0:00:12]} d6 {[%emt 0:00:06]} 6. b3 {[%emt 0:00:37]} e5 {[%emt 0:02:58]} 7. dxe5 {[%emt 0:06:05]} dxe5 {[%emt 0:00:14]} 8. Qxd8 {[%emt 0:06:11]} Rxd8 {[%emt 0:00:24]} 9. Bb2 {[%emt 0:00:16]} e4 {[%emt 0:03:29]} 10. Nfd2 {[%emt 0:04:09]} Bf5 {[%emt 0:03:22]} 11. Nc4 {[%emt 0:02:16]} Nc6 {[%emt 0:01:22]} 12. Nba3 {[%emt 0:11:46]} Nd5 {[%emt 0:20:26]} 13. Bxg7 {[%emt 0:08:37]} Kxg7 {[%emt 0:00:05]} 14. Rfe1 {[%emt 0:01:47]} Nc3 {[%emt 0:04:27]} 15. Ne3 {[%emt 0:01:50]} Nd4 $15 {[%emt 0:11:10]} 16. Kf1 {[%emt 0:15:59]} h5 {[%emt 0:28:53]} 17. h3 {[%emt 0:06:30]} a6 {[%emt 0:08:37]} 18. g4 {[%emt 0:13:33]} hxg4 {[%emt 0:00:05]} 19. hxg4 {[%emt 0:00:04]} Be6 {[%emt 0:00:07]} 20. Nb1 {[%emt 0:02:25]} Nxb1 {[%emt 0:04:25]} 21. Raxb1 {[%emt 0:00:07]} f5 {[%emt 0:00:04]} 22. c3 {[%emt 0:04:19]} Nb5 {[%emt 0:00:12]} 23. gxf5 {[%emt 0:02:35]} gxf5 {[%emt 0:00:05]} 24. f4 {[%emt 0:05:15]} Kf6 {[%emt 0:02:58]} 25. c4 {[%emt 0:03:49]} Nd4 {[%emt 0:02:10]} 26. Kf2 {[%emt 0:00:11]} Rh8 {[%emt 0:02:51]} 27. Rh1 {[%emt 0:01:33]} Bf7 {[%emt 0:01:10]} 28. Rxh8 {[%emt 0:01:07]} Rxh8 {[%emt 0:00:08]} 29. Rd1 {[%emt 0:00:22]} c5 {[%emt 0:00:13]} 30. b4 {[%emt 0:00:20]} Rh4 {[%emt 0:06:51]} 31. Kg3 {[%emt 0:00:15]} Rxf4 {[%emt 0:04:55]} 32. Nd5+ {[%emt 0:01:44]} Bxd5 {[%emt 0:00:07]} 33. Kxf4 {[%emt 0:00:20]} Nxe2+ {[%emt 0:01:11]} 34. Ke3 {[%emt 0:00:04]} Bxc4 {[%emt 0:00:03]} 35. bxc5 {[%emt 0:01:30]} f4+ {[%emt 0:02:37]} 36. Kf2 {[%emt 0:00:08]} f3 {[%emt 0:00:40]} 37. Bf1 {[%emt 0:00:29]} Ke5 {[%emt 0:00:32]} 38. Bxe2 {[%emt 0:00:52]} fxe2 {[%emt 0:01:18]} 39. Rd7 {[%emt 0:00:27]} Bxa2 {[%emt 0:01:25]} 40. Rxb7 {[%emt 0:00:00]} Bc4 {[%emt 0:00:00]} 41. c6 {[%emt 0:12:11]} Kd6 {[%emt 0:01:53]} 42. c7 {[%emt 0:00:31]} Kd7 {[%emt 0:02:46]} 43. Rb4 {[%emt 0:03:14]} Bd3 {[%emt 0:00:13]} 44. Rxe4 {[%emt 0:01:43]} Bxe4 {[%emt 0:00:05]} 45. c8=Q+ {[%emt 0:00:21]} Kxc8 {[%emt 0:00:05]} 46. Kxe2 {[%emt 0:00:06]} a5 {[%emt 0:00:05]} 47. Kd2 {[%emt 0:00:06]} a4 {[%emt 0:00:04]} 48. Kc3 {[%emt 0:00:08]} Bd5 1/2-1/2

[Event "68th GRE-ch 2018"]
[Site "Thessaloniki"]
[Date "2018.12.19"]
[Round "8"]
[White "Mastrovasilis, Athanasios"]
[Black "Koutoukidis, Panagiotis"]
[Result "0-1"]
[WhiteElo "2510"]
[BlackElo "2357"]
[Annotator "TA"]
[PlyCount "124"]
[EventDate "2018.12.12"]
[EventType "tourn"]
[EventCountry "GRE"]
[SourceTitle "playchess.com"]
[Source "ChessBase"]
[SourceQuality "1"]

{[%evp 22,124,28,37,40,41,37,32,44,38,39,48,51,64,58,68,57,68,65,41,59,46,80,66,73,62,79,55,71,79,97,103,101,106,105,98,131,121,186,136,152,146,176,157,166,161,158,159,158,150,131,129,142,147,176,0,0,0,0,0,0,0,0,0,0,0,0,0,0,-67,-88,-93,0,-257,-258,-545,-531,-547,-543,-608,-607,-1859,-1875,-1633,-1551,-1345,-1062,-29972,-29973,-29971,-1975,-29970,0,-4802,-988,-949,-942,-989,-977,-29969,-29970,-29973,-29973,-29972,-5625]} 1. d4 Nf6 2. c4 e6 3. Nc3 Bb4 4. e3 O-O 5. Bd3 c5 6. Nf3 d5 7. cxd5 exd5 {E53: Nimzo-Indian: Rubinstein: Main Line (4...0-0 5 Nf3 d5 6 Bd3 c5 7 0-0)} 8. dxc5 (8. O-O cxd4 9. Nxd4 Nc6 10. Nxc6 bxc6 11. Na4 Bd6 12. h3 Qe7 13. Bd2 c5 14. Rc1 Bb7 15. b3 Qe5 16. f4 Qe7 17. Nc3 Rac8 {0-1 (41) Le,Q (2715)-Nakamura,H (2763) chess.com INT 2018}) 8... Nbd7 9. O-O Nxc5 10. Ne2 Bg4 11. Nfd4 Nxd3 12. Qxd3 {LiveBook: 3 Games} Rc8 13. b3 Bh5 $146 ({Predecessor:} 13... Bd6 14. Bb2 Re8 15. Rac1 {0-1 (28) Olsen,F (2335)-Engel,L (2441) Porto Carras 2018}) 14. Bb2 Bg6 15. Qb5 Qe7 16. Ng3 Bc3 17. Bxc3 Rxc3 18. Qa5 Qc5 19. Qxc5 Rxc5 20. Rfd1 Rfc8 21. f3 Kf8 22. Nge2 h6 23. Rd2 Ke7 24. Kf2 Bh7 25. g4 Nd7 26. Rad1 Nb6 27. h4 {[%cal Bh2h4,Bh4h5][%mdl 32]} a5 28. a4 f6 29. Rg1 g5 (29... Bg6 $16 {might work better.} 30. Nf4 Kf7) 30. h5 Kf7 31. Ng3 Kg8 32. Rgd1 Rc3 33. Ngf5 Bxf5 34. Nxf5 Kh7 35. Rd3 Rc2+ 36. R1d2 Rxd2+ 37. Rxd2 $16 {[%mdl 4096] Endgame KRN-KRN} Rc3 38. e4 $2 (38. Rb2 $18) 38... dxe4 $11 39. fxe4 {aiming for Rd6.} Rxb3 40. Rd6 Nxa4 41. Rxf6 Rb6 42. Rf7+ $1 Kg8 43. Rc7 Nb2 44. Ne7+ Kf8 45. Nd5 (45. Ke3 $11) 45... Rb3 $1 $15 46. Nf6 a4 ({Black should try} 46... Nd3+ $17 47. Ke3 Nc5+ 48. Kd2 b6) 47. Rd7 $2 {[%mdl 8192]} (47. Ke2 $1 $11) 47... Nd3+ $19 48. Kg1 $2 (48. Ke2 Nf4+ 49. Kd2) 48... Rb6 49. Nd5 Rb1+ 50. Kg2 a3 {[%cal Ba4a3,Ba3a2][%mdl 32] Hoping for ...a2.} 51. Nf6 Nf4+ 52. Kf3 Rb3+ 53. Kf2 Rb6 54. e5 a2 55. Rd1 {[#]} Rb1 (55... Nd3+ $142 $1 {[%mdl 512]} 56. Kf3 (56. Rxd3 Rb2+) 56... Rb1 57. Rxd3 a1=Q 58. Ke4 Rb4+ 59. Kf5 Qf1+ 60. Ke6 Qxd3 61. Nd7+ Kg7 62. Ke7 Rd4 63. Nf6 Qa3+ 64. Ke6 Qf8 65. Ne8+ Qxe8+ 66. Kf5 Qf7#) 56. Rd7 {[#]} Rb6 (56... Rf1+ $142 $1 {[%mdl 512]} 57. Ke3 (57. Kxf1 a1=Q+) 57... Nd5+ $1 {[%mdl 576] Promotion} 58. Rxd5 a1=Q 59. Rd8+ Kf7 60. Rd7+ Ke6 61. Ne4 Kxd7 62. e6+ Kxe6 63. Kd3 Rf3+ 64. Ke2 Qf1+ 65. Kd2 Rd3+ 66. Kc2 Qd1+ {[%mdl 64] Double Attack} 67. Kb2 Rb3+ 68. Ka2 Qb1#) 57. Rd1 $1 {[#] Strongly threatening Nd7+.} Ra6 (57... Nd3+ $142 $1 {[%mdl 512]} 58. Kf3 (58. Rxd3 Rb2+) 58... Rb1 59. Rxd3 a1=Q 60. Nd7+ Kg7) 58. Ra1 Nd3+ 59. Ke3 Nc5 60. Rf1 {[#]} Rxf6 $1 {[%mdl 576] Promotion. Black mates.} 61. Rxf6+ (61. exf6 Nb3) 61... Ke7 62. Rf1 Nb3 {Accuracy: White = 54%, Black = 62%.} 0-1